000 006520000a22002170004500
003 LK-CoMWRAF
005 20231120101223.0
008 230817t1998 ||||| |||| 00| 0 eng d
020 _a0945006004
040 _aLK-CoMWRAF
_dLK-CoMWRAF
_eLK-CoMWRAF
041 _aeng
082 _a341.481
_bRIG
245 _aRights of women:
_ba guide to the most important United Nations treaties on women's human rights
250 _a2nd ed.
260 _aNew York:
_b International Women's Tribune Centre,
_c1998
300 _a148 p. : ill., forms ; 28 cm.
490 _a Rights
650 _aWOMEN-Legal status, laws,
650 _aWomen's Rights
942 _cBK
999 _c74
_d74